Normal view
MARC view
- المكتب الاقليمي للدول العربية برنامج الامم المتحدة الانمائي
Entry Personal Name
001 - CONTROL NUMBER
- control field: 50577
003 - CONTROL NUMBER IDENTIFIER
- control field: JO-AjAnu
005 - DATE AND TIME OF LATEST TRANSACTION
- control field: 20230606082327.0
008 - FIXED-LENGTH DATA ELEMENTS
- fixed length control field: 230606|| aca||aabn | a|a d
040 ## - CATALOGING SOURCE
- Original cataloging agency: JO-AjAnu
- Transcribing agency: JO-AjAnu
100 ## - HEADING--PERSONAL NAME
- Personal name: المكتب الاقليمي للدول العربية برنامج الامم المتحدة الانمائي
670 ## - SOURCE DATA FOUND
- Source citation: Work cat.: (JO-AjAnu)25856: المكتب الاقليمي للدول العربية برنامج الامم المتحدة الانمائي, author, تقرير التنمية الانسانية العربية للعام 2002 : خلق فرص للاجيال القادمة